书目信息 |
| 题名: |
全国新产品集
|
|
| 作者: | ||
| 分册: | 1983 | |
| 出版信息: | 北京 新华出版社 1985 |
|
| 页数: | 736,24页 | |
| 开本: | 26cm | |
| 丛书名: | ||
| 单 册: | ||
| 中图分类: | T-632 | |
| 科图分类: | ||
| 主题词: | 工业产品目录--中国 , 工业产品--产品目录 , 工业产品--产品样本 | |
| 电子资源: | ||
| ISBN: | ||
| 000 | 00621nam0 2200241 45 970 | |
| 001 | 0631457311 | |
| 005 | 20060805084617.82 | |
| 010 | @b精装@dCNY12.00(3册) | |
| 091 | @a17203.022 | |
| 100 | @a19961004d1985 km y0chiy0121 ea | |
| 101 | 0 | @achi |
| 102 | @aCN@b110000 | |
| 105 | @al z 000yy | |
| 106 | @ar | |
| 200 | 10 | @a全国新产品集@Aquan guo xin chan pin ji@h1983 |
| 210 | @a北京@c新华出版社@d1985 | |
| 215 | @a736,24页@c照片@d26cm | |
| 606 | @a工业产品目录@y中国 | |
| 606 | 0 | @a工业产品@x产品目录 |
| 606 | 0 | @a工业产品@x产品样本 |
| 690 | @aT-632@v3 | |
| 801 | 0 | @c20060805 |
| 905 | @a10447@dT-632@e81:1 | |
| 全国新产品集.1983 .-北京:新华出版社,1985 |
| 736,24页:照片;26cm |
| ISBN (精装):CNY12.00(3册) |
| ● |
| 相关链接 |
|
|
|
|
正题名:全国新产品集
索取号:T-632/81:1
 
预约/预借
| 序号 | 登录号 | 条形码 | 馆藏地/架位号 | 状态 | 备注 |
| 1 | 0451497 | 204514971 | 密集书库/ [索取号:T-632/81:1] | 在馆 |